书目信息 |
| 题名: |
生死非洲
|
|
| 作者: | 蔡军 著 | |
| 分册: | ||
| 出版信息: | 北京 作家出版社 2007 |
|
| 页数: | 299页 | |
| 开本: | 21cm | |
| 丛书名: | ||
| 单 册: | ||
| 中图分类: | I253.1 | |
| 科图分类: | ||
| 主题词: | 报告文学--bao gao wen xue--中国--现代 | |
| 电子资源: | ||
| ISBN: | 978-7-5063-4124-0 | |
| 000 | 00582nam0 2200217 450 | |
| 001 | 357274 | |
| 005 | 20080219170703.0 | |
| 010 | @a978-7-5063-4124-0@dCNY33.00 | |
| 100 | @a20080118d2007 em y0chiy0110 ea | |
| 101 | 0 | @achi |
| 102 | @aCN@b110000 | |
| 105 | @aab z 000zd | |
| 106 | @ar | |
| 200 | 1 | @a生死非洲@Asheng si fei zhou@f蔡军著 |
| 210 | @a北京@c作家出版社@d2007 | |
| 215 | @a299页@c图,地图@d21cm | |
| 606 | 0 | @a报告文学@Abao gao wen xue@y中国@z现代 |
| 690 | @aI253.1@v4 | |
| 701 | 0 | @a蔡军@Acai jun@4著 |
| 801 | 0 | @aCN@b@c20080118 |
| 905 | @b673990-2@dI253.1@eC035@f3 | |
| 生死非洲/蔡军著.-北京:作家出版社,2007 |
| 299页:图,地图;21cm |
| ISBN 978-7-5063-4124-0:CNY33.00 |
| ● |
| 相关链接 |
|
|
|
正题名:生死非洲
索取号:I253.1/C035
 
预约/预借
| 序号 | 登录号 | 条形码 | 馆藏地/架位号 | 状态 | 备注 |
| 1 | 673990 | 206739902 | 文学库108/108文学库 67排7列2层/ [索取号:I253.1/C035] | 在馆 | |
| 2 | 673991 | 206739911 | 文学库108/108文学库 67排7列2层/ [索取号:I253.1/C035] | 在馆 | |
| 3 | 673992 | 206739920 | 文学库108/108文学库 67排7列2层/ [索取号:I253.1/C035] | 在馆 |